000
00328nam a2200121Ia 4500
008
240624s9999 xx 000 0 und d
041
_a
eng
082
_a
658.5 CHU
100
_a
CHUNAWALLA S A
245
_a
PRODUCTION AND OPERATIONS MANAGEMENT
260
_c
2003
_a
Mumbai
_b
Himalaya Publishing House
300
_a
720 : p. : cm. ; 22
999
_c
5170
_d
5170